00925nam a22001937a 4500003001000000005001700010008004100027040001400068041001300082100005500095245010200150250005200252260000900304300001800313310001200331500008200343650001300425700029300438IT-MiCISF20230207141856.0230207b |||||||| |||| 00| 0 eng d cIT-MiCISF aitaliano aBramanti Donatella, Carrà Elisabetta (a cura di) aFamiglia e povertà relazionale.bMultidimensionalità del fenomeno e buone pratiche innovative a"Studi interdisciplinari sulla famiglia", n. 32 c2021 app. V-XI, 263 aannuale afamiglia, stratificazione-sociale, sociologia, educazione, conflitto, servizi afamiglia aDalla Chiara E., Perali F., Boccacin L., Bressan E., Bosoni M.L., Moscatelli M., Ruspini E., Pavliutkin I., Golevz M., Iafrate R.aBertoni A., Donato S., Ferrari L., Barioni G., Maurizio R., Perotto N., Salvadori G., Fargion S., Bertotti T., Mauri D., Moretto G., Belletti F., Casanova G.